[Event "Prague Summer op-B 4th"]
[Site "Prague"]
[Date "2017.08.05"]
[Round "2"]
[White "Axelsson, Thomas"]
[Black "Atnilov, Boris"]
[Result "0-1"]
[WhiteElo "1734"]
[BlackElo "2029"]
[PlyCount "82"]
[EventDate "2017.08.04"]
[EventType "swiss"]
[EventRounds "9"]
[EventCountry "CZE"]
[SourceTitle "EXT 2019"]
[Source "ChessBase"]
[SourceDate "2018.10.10"]
[SourceVersion "1"]
[SourceVersionDate "2018.10.10"]
[SourceQuality "1"]

1. e4 e6 2. d4 d5 3. e5 c5 4. c3 Nc6 5. Nf3 Qb6 6. Bd3 Bd7 7. 0-0 cxd4 8. cxd4 Nxd4 9. Nbd2 Nxf3+ 10. Nxf3 Bb5 11. Be3 Qa6 12. Bxb5+ Qxb5 13. Nd4 Qd7 14. Rc1 Ne7 15. Qb3 Nc6 16. Nxc6 bxc6 17. Qa4 Rc8 18. Qxa7 Qxa7 19. Bxa7 c5 20. Rc2 Kd7 21. b4 cxb4 22. Rxc8 Kxc8 23. Rc1+ Kb7 24. Bd4 Be7 25. Rb1 Ka6 26. Rc1 Kb7 27. Rb1 Ra8 28. Rb2 Rc8 29. Kf1 Ka6 30. Ke2 Ka5 31. Kd3 Ka4 32. g3 Rc4 33. f4 Ka3 34. Re2 g6 35. h4 Bc5 36. Ba1 Re4 37. Rc2 Rc4 38. Re2 Ka4 39. Bb2 Kb5 40. Ba1 Rc1 41. Bb2 Rg1 0-1

[Event "Reykjavik op"]
[Site "Reykjavik"]
[Date "2017.04.22"]
[Round "5"]
[White "Njardarson, Daniel Ernir"]
[Black "Axelsson, Thomas"]
[Result "1-0"]
[WhiteElo "1378"]
[BlackElo "1799"]
[PlyCount "80"]
[EventDate "2017.04.19"]
[EventType "swiss"]
[EventRounds "10"]
[EventCountry "ISL"]
[SourceTitle "CBM 178 Extra"]
[Source "ChessBase"]
[SourceDate "2017.06.22"]
[SourceVersion "1"]
[SourceVersionDate "2017.06.22"]
[SourceQuality "1"]

1. d4 d5 2. c4 c6 3. Nf3 g6 4. Nc3 Bg7 5. Bf4 Nf6 6. h3 0-0 7. e3 Re8 8. Bd3 h6 9. 0-0 Be6 10. cxd5 Nxd5 11. Nxd5 cxd5 12. Qb3 Qb6 13. Qxb6 axb6 14. Bc7 Nd7 15. Bb5 Rec8 16. Rfc1 f6 17. a3 Kf7 18. Bxd7 Bxd7 19. Bxb6 Bc6 20. a4 e5 21. a5 e4 22. Nd2 f5 23. g3 g5 24. Nb3 h5 25. Kg2 Bh6 26. Nc5 f4 27. b4 fxe3 28. fxe3 g4 29. hxg4 Bxe3 30. Rf1+ Kg8 31. Ne6 Bd7 32. Nc7 Rxc7 33. Bxc7 Rc8 34. Rac1 Bxg4 35. Rc2 Bxd4 36. b5 Be5 37. b6 d4 38. a6 bxa6 39. b7 d3 40. bxc8Q+ Bxc8 1-0

[Event "Stockholm op"]
[Site "Stockholm"]
[Date "2014.05.31"]
[Round "8"]
[White "Axelsson, Thomas"]
[Black "Carlsten, Peter"]
[Result "0-1"]
[WhiteElo "1760"]
[BlackElo "2038"]
[PlyCount "82"]
[EventDate "2014.05.28"]
[EventType "swiss"]
[EventRounds "9"]
[EventCountry "SWE"]
[SourceTitle "CBM 160 Extra"]
[Source "ChessBase"]
[SourceDate "2014.07.01"]
[SourceVersion "1"]
[SourceVersionDate "2014.07.01"]
[SourceQuality "1"]

1. e4 d6 2. Nf3 Nf6 3. d3 e5 4. Nc3 c6 5. Bg5 Be7 6. Be2 Nbd7 7. 0-0 0-0 8. h3 b5 9. a3 a5 10. d4 Bb7 11. d5 cxd5 12. Nxb5 dxe4 13. Bxf6 exf3 14. Bxe7 fxe2 15. Bxd8 exd1Q 16. Raxd1 Rfxd8 17. Rxd6 Nc5 18. Rfd1 Rxd6 19. Rxd6 Kf8 20. b4 axb4 21. axb4 Ra1+ 22. Kh2 Ne4 23. Rb6 Bd5 24. f3 Nf6 25. Nd6 Rc1 26. Rb8+ Ke7 27. Nf5+ Kd7 28. Ne3 Kc7 29. Rb5 Kd6 30. Rc5 Be6 31. Kg3 Nd7 32. Rc8 Nb6 33. Rd8+ Kc7 34. Rd2 Nc4 35. Nxc4 Bxc4 36. Kf2 f5 37. g3 Rb1 38. c3 Rc1 39. f4 e4 40. Rd4 Rxc3 41. g4 e3+ 0-1

[Event "Stockholm op"]
[Site "Stockholm"]
[Date "2014.05.30"]
[Round "5"]
[White "Axelsson, Thomas"]
[Black "Sjostrand, Joel"]
[Result "1-0"]
[WhiteElo "1760"]
[BlackElo "1959"]
[PlyCount "43"]
[EventDate "2014.05.28"]
[EventType "swiss"]
[EventRounds "9"]
[EventCountry "SWE"]
[SourceTitle "CBM 160 Extra"]
[Source "ChessBase"]
[SourceDate "2014.07.01"]
[SourceVersion "1"]
[SourceVersionDate "2014.07.01"]
[SourceQuality "1"]

1. e4 d6 2. f4 Nf6 3. Nc3 g6 4. Nf3 Bg7 5. d4 0-0 6. Bc4 c5 7. dxc5 dxc5 8. 0-0 Qc7 9. e5 Rd8 10. Qe2 Ng4 11. Ng5 Nh6 12. Nd5 Rxd5 13. Bxd5 e6 14. Be4 Nc6 15. Be3 b6 16. Rfd1 Bb7 17. c3 Nf5 18. Bxf5 gxf5 19. Rd2 Rd8 20. Rad1 Rxd2 21. Qxd2 h6 22. Nf3 1-0

[Event "Stockholm op"]
[Site "Stockholm"]
[Date "2014.05.29"]
[Round "3"]
[White "Nilsson, Christer"]
[Black "Axelsson, Thomas"]
[Result "0-1"]
[WhiteElo "2022"]
[BlackElo "1760"]
[PlyCount "120"]
[EventDate "2014.05.28"]
[EventType "swiss"]
[EventRounds "9"]
[EventCountry "SWE"]
[SourceTitle "CBM 160 Extra"]
[Source "ChessBase"]
[SourceDate "2014.07.01"]
[SourceVersion "1"]
[SourceVersionDate "2014.07.01"]
[SourceQuality "1"]

1. e4 e5 2. Nf3 Nc6 3. Bb5 d6 4. d4 exd4 5. Nxd4 Bd7 6. Nc3 a6 7. Nxc6 bxc6 8. Bc4 Be7 9. 0-0 Nf6 10. Qd3 Qc8 11. Bf4 0-0 12. Rfe1 Nh5 13. Bd2 Re8 14. h3 g6 15. Bh6 Bf6 16. Qf3 Be6 17. Bb3 Be5 18. Bg5 Kg7 19. Rad1 Rb8 20. Be3 Rb4 21. a3 Rb8 22. Bxe6 Qxe6 23. Bc1 Qc4 24. Qd3 Qc5 25. Na4 Qb5 26. b3 Nf4 27. Qf3 Ne6 28. Bb2 f6 29. Qe2 Qa5 30. Qd2 Qb5 31. g3 Ng5 32. Kg2 Bxb2 33. Nxb2 Nxe4 34. Qd4 c5 35. a4 Qb7 36. Qd5 c6 37. Qd3 d5 38. f3 Ng5 39. h4 Nf7 40. Qc3 c4 41. Rxe8 Rxe8 42. bxc4 Re2+ 43. Kf1 Rh2 44. Kg1 Re2 45. Kf1 Re7 46. cxd5 cxd5 47. Qd4 Qc7 48. f4 Qxc2 49. Rd2 Qb3 50. Rd3 Qa2 51. Rd2 Nh6 52. Qxd5 Qa1+ 53. Kg2 Nf5 54. Nd1 Qxa4 55. Kh2 Qb4 56. Kh3 a5 57. Nf2 h5 58. Qd8 Qb3 59. Rd3 Qe6 60. Qxa5 Ne3+ 0-1

[Event "Stockholm All Saints op"]
[Site "Stockholm"]
[Date "2013.10.31"]
[Round "1"]
[White "Axelsson, Thomas"]
[Black "Lokander, Martin"]
[Result "0-1"]
[WhiteElo "1753"]
[BlackElo "2203"]
[PlyCount "82"]
[EventDate "2013.10.31"]
[EventType "swiss"]
[EventRounds "7"]
[EventCountry "SWE"]
[SourceTitle "EXT 2014"]
[Source "ChessBase"]
[SourceDate "2013.11.20"]
[SourceVersion "1"]
[SourceVersionDate "2013.11.20"]
[SourceQuality "1"]

1. e4 e5 2. Nf3 Nc6 3. Bb5 a6 4. Ba4 Nf6 5. 0-0 Be7 6. Re1 b5 7. Bb3 0-0 8. c3 d5 9. exd5 Nxd5 10. d4 exd4 11. Nxd4 Nxd4 12. Qxd4 Be6 13. Nd2 c5 14. Qe4 Re8 15. Nf3 Nf6 16. Qe2 c4 17. Bc2 Qc7 18. Bg5 Nd5 19. Qe4 g6 20. Qh4 Bf8 21. Rad1 Bg7 22. Be4 Qc5 23. Bh6 f6 24. Nd4 Bf7 25. Bxg7 Kxg7 26. Qg3 Kh8 27. Qf3 Kg7 28. Qg3 Rad8 29. h4 Re5 30. Bf3 Rde8 31. Rxe5 Rxe5 32. Bg4 Nb6 33. h5 b4 34. hxg6 hxg6 35. Qf4 bxc3 36. bxc3 Nd5 37. Qg3 Qa3 38. Nf5+ gxf5 39. Bxf5+ Kf8 40. Bg6 Qxc3 41. Qxc3 Nxc3 0-1

[Event "Calvia Amateur op 10th"]
[Site "Calvia"]
[Date "2013.10.11"]
[Round "7"]
[White "Axelsson, Thomas"]
[Black "Galmes Diaz Plaja, Antonio"]
[Result "1-0"]
[WhiteElo "1753"]
[BlackElo "1611"]
[PlyCount "63"]
[EventDate "2013.10.05"]
[EventType "swiss"]
[EventRounds "9"]
[EventCountry "ESP"]
[SourceTitle "EXT 2014"]
[Source "ChessBase"]
[SourceDate "2013.11.20"]
[SourceVersion "1"]
[SourceVersionDate "2013.11.20"]
[SourceQuality "1"]

1. e4 e5 2. d4 exd4 3. c3 dxc3 4. Bc4 Qe7 5. Nxc3 c6 6. Nge2 d6 7. 0-0 Nf6 8. Bg5 h6 9. Bh4 g5 10. Bg3 Be6 11. Bxe6 fxe6 12. f4 Nbd7 13. fxg5 hxg5 14. Qb3 0-0-0 15. Rac1 Nc5 16. Qa3 Nfxe4 17. Nxe4 Nxe4 18. Qxa7 Nxg3 19. Nxg3 Qc7 20. Rf6 Rh6 21. Rf3 Qb8 22. Qe3 Be7 23. Rf7 Rf6 24. Rxe7 Rdf8 25. Rxe6 Rf4 26. Ne4 Kd7 27. Nxg5 R4f6 28. Re7+ Kc8 29. Re8+ Rxe8 30. Qxe8+ Kc7 31. Qe7+ Kb6 32. Qxf6 1-0

[Event "SWE-chT 0607"]
[Site "Sweden"]
[Date "2007.01.20"]
[Round "6"]
[White "Andersson, Fredrik1111"]
[Black "Axelsson, Thomas"]
[Result "1/2-1/2"]
[WhiteElo "2344"]
[BlackElo "2121"]
[PlyCount "118"]
[EventDate "2006.10.20"]
[EventType "team"]
[EventRounds "11"]
[EventCountry "SWE"]
[SourceTitle "EXT 2009"]
[Source "ChessBase"]
[SourceDate "2008.11.26"]
[SourceVersion "1"]
[SourceVersionDate "2008.11.26"]
[SourceQuality "1"]
[WhiteTeam "Sollentuna"]
[BlackTeam "Linkoping"]
[WhiteTeamCountry "SWE"]
[BlackTeamCountry "SWE"]

1. e4 Nf6 2. e5 Nd5 3. d4 d6 4. Nf3 Bg4 5. Be2 e6 6. 0-0 Be7 7. c4 Nb6 8. Nc3 0-0 9. h3 Bh5 10. Be3 d5 11. c5 Bxf3 12. gxf3 N6d7 13. Rb1 f5 14. f4 Kh8 15. Kh2 Rg8 16. Rg1 Nc6 17. b4 Qf8 18. Qd2 a6 19. b5 axb5 20. Bxb5 Ra7 21. Rb2 Qa8 22. Rgb1 b6 23. Ne2 bxc5 24. dxc5 Ndxe5 25. fxe5 Nxe5 26. Ng1 Ra3 27. Bd4 Ng6 28. f4 c6 29. Be2 Qa5 30. Qxa5 Rxa5 31. Kg3 Bf6 32. Nf3 Ra4 33. Ne5 Bxe5 34. Bxe5 Nxe5 35. fxe5 Re4 36. Bf3 Re3 37. Rb6 g5 38. Kf2 Rxe5 39. Rxc6 g4 40. hxg4 fxg4 41. Bg2 h5 42. Kg3 Re2 43. Rg1 Ra8 44. Kh4 Raxa2 45. Kxh5 Kg7 46. Bf3 Re5+ 47. Kxg4 Kf6 48. Rf1 Rg5+ 49. Kh3 Ra3 50. Kh2 Ke5 51. Rc8 Rc3 52. Rf2 Kd4 53. c6 Rg7 54. Bg2 Rh7+ 55. Kg1 Rc1+ 56. Rf1 Rc2 57. Rf2 Rc1+ 58. Bf1 Ke3 59. Re2+ Kd4 1/2-1/2

[Event "SWE-chT 0607"]
[Site "Sweden"]
[Date "2006.11.19"]
[Round "5"]
[White "Andersson, Bjorn"]
[Black "Axelsson, Thomas"]
[Result "1/2-1/2"]
[WhiteElo "2330"]
[BlackElo "2072"]
[PlyCount "100"]
[EventDate "2006.10.20"]
[EventType "team"]
[EventRounds "11"]
[EventCountry "SWE"]
[SourceTitle "EXT 2009"]
[Source "ChessBase"]
[SourceDate "2008.11.26"]
[SourceVersion "1"]
[SourceVersionDate "2008.11.26"]
[SourceQuality "1"]
[WhiteTeam "Manhem"]
[BlackTeam "Linkoping"]
[WhiteTeamCountry "SWE"]
[BlackTeamCountry "SWE"]

1. e4 Nf6 2. e5 Nd5 3. d4 d6 4. c4 Nb6 5. exd6 exd6 6. Nc3 Be7 7. h3 0-0 8. Bd3 Nc6 9. Nf3 Nb4 10. Bb1 d5 11. c5 Nc4 12. 0-0 Bf6 13. a3 Nc6 14. b3 N4a5 15. Ra2 Be6 16. Re1 Qd7 17. Bf4 g6 18. Rae2 a6 19. Ba2 b6 20. cxb6 cxb6 21. Na4 Qa7 22. Ne5 b5 23. Nc5 b4 24. axb4 Nxb4 25. Qd2 Nac6 26. Nxc6 Nxc6 27. Nxe6 fxe6 28. Rxe6 Qd7 29. b4 Rad8 30. Rd6 Qxd6 31. Bxd6 Rxd6 32. Qf4 Rdd8 33. Qg4 Nxd4 34. Rd1 Nb5 35. Rxd5 Kg7 36. Rd7+ Kh6 37. Qe6 Rxd7 38. Qxd7 Bd4 39. Kh2 Be5+ 40. Kg1 Bd4 41. Bf7 Bxf2+ 42. Kxf2 Kg7 43. Ke3 Rxf7 44. Qe6 Rf6 45. Qe7+ Rf7 46. Qe5+ Rf6 47. Qe7+ Rf7 48. Qe5+ Rf6 49. g4 Kf7 50. Qd5+ Re6+ 1/2-1/2

[Event "SWE-chT 0506"]
[Site "Sweden"]
[Date "2006.??.??"]
[Round "8"]
[White "Collett, Peter"]
[Black "Axelsson, Thomas"]
[Result "1/2-1/2"]
[WhiteElo "2236"]
[BlackElo "2069"]
[PlyCount "54"]
[EventDate "2005.10.??"]
[EventType "team"]
[EventRounds "11"]
[EventCountry "SWE"]
[SourceTitle "EXT 2008"]
[Source "ChessBase"]
[SourceDate "2007.11.25"]
[SourceVersion "1"]
[SourceVersionDate "2007.11.25"]
[SourceQuality "1"]
[WhiteTeam "Wasa"]
[BlackTeam "Linkoping"]
[WhiteTeamCountry "SWE"]
[BlackTeamCountry "SWE"]

1. d4 d5 2. c4 e6 3. Nc3 c5 4. cxd5 exd5 5. Nf3 Nc6 6. g3 Nf6 7. Bg2 Be7 8. 0-0 0-0 9. Bg5 cxd4 10. Nxd4 h6 11. Be3 Re8 12. Rc1 Bg4 13. h3 Be6 14. Na4 Nxd4 15. Bxd4 b6 16. Nc3 Qd7 17. Kh2 Rad8 18. Qd3 Ne4 19. Qa6 h5 20. h4 Bd6 21. Rcd1 Qe7 22. f4 Nxc3 23. Bxc3 Bg4 24. Bf3 Bxf4 25. gxf4 Qxh4+ 26. Kg1 Qg3+ 27. Kh1 Qh3+ 1/2-1/2